00486nam a22001577a 4500003000400000005001700004008004100021020001500062040000900077100002300086245010500109260004500214300001100259610003600270650002200306OSt20130611120013.0130611s2000 sp ||||| |||| 00| 0 spa d a8495303094 cCDMR1 aRotenberg, Abrasha10aLa Opinión amordazadab: [la lucha de un periódico bajo la dictadura militar]cAbrasha Rotenberg aMadridbTaller de Mario MuchnikcDL 2000 a379 p.2 aLa Opinión (Diari)vNarrativa04aPremsazArgentina